| 000 | 01698cam a2200433Ia 4500 | ||
|---|---|---|---|
| 001 | 9175484 | ||
| 003 | Nust- CAS-E | ||
| 005 | 20180118181359.0 | ||
| 006 | m u | ||
| 007 | cr cn||||||||| | ||
| 008 | 060630s2007 nyua sb 001 0 eng d | ||
| 010 | _z 87641192 | ||
| 020 | _z9780071428675 | ||
| 020 | _z0071428674 | ||
| 035 | _a(CaPaEBR)ebr10172650 | ||
| 035 | _a(NNC)9175484 | ||
| 040 |
_aCaPaEBR _cCaPaEBR |
||
| 050 | 1 | 4 |
_aTJ151 _b.S82 2007eb |
| 082 | 0 | 4 |
_a621 _222 _bMAR 2007 |
| 245 | 0 | 0 |
_aMarks' standard handbook for mechanical engineers _h[electronic resource]. |
| 246 | 3 | 2 | _aStandard handbook for mechanical engineers |
| 250 |
_a11th ed. / _b[edited by] Eugene A. Avallone, Theodore Baumeister III, Ali M. Sadegh. |
||
| 260 |
_aNew York ; _aLondon : _bMcGraw-Hill, _cc2007. |
||
| 300 |
_a1 v. (various pagings) : _bill. |
||
| 500 | _aPrevious ed.: / Eugene A. Avallone, Theodore Baumeister III. 1996. | ||
| 504 | _aIncludes bibliographical references and index. | ||
| 533 |
_aElectronic reproduction. _bPalo Alto, Calif. : _cebrary, _d2009. _nAvailable via World Wide Web. _nAccess may be limited to ebrary affiliated libraries. |
||
| 650 | 0 |
_aMechanical engineering _vHandbooks, manuals, etc. |
|
| 650 | 0 | _aMechanics. | |
| 655 | 7 |
_aElectronic books. _2local |
|
| 700 | 1 |
_aAvallone, Eugene A. _tMarks' standard handbook for mechanical engineers. _s10th ed. |
|
| 700 | 1 |
_aBaumeister, Theodore, _d1926- |
|
| 700 | 1 | _aSadegh, Ali M. | |
| 700 | 1 |
_aMarks, Lionel S. _q(Lionel Simeon), _d1871- |
|
| 710 | 2 | _aebrary, Inc. | |
| 856 | 4 | 0 |
_uhttp://www.columbia.edu/cgi-bin/cul/resolve?clio9175484 _zClick here for full text. |
| 942 |
_2ddc _cBK |
||
| 999 |
_c355367 _d355367 |
||